[Event "AUTO-BEG-370"]
[Site "http://www.queenalice.com/game.php?id=746035"]
[Date "2010.3.14"]
[Round "2"]
[White "GuiGui1993"]
[Black "odinn"]
[Result "0-1"]
[WhiteElo "1598"]
[BlackElo "1527"]

1. e4 e5 2. Bc4 Nf6 3. d3 Nc6 4. f4 d6 5. fxe5 dxe5 6. Nf3 Bc5 7. Bb5 Bd7 8.
Bxc6 Bxc6 9. Nxe5 O-O 10. Nxc6 bxc6 11. b3 g6 12. Bg5 Bb4+ 13. c3 Bd6 14. O-O
Kg7 0-1

[Event "AUTO-BEG-378"]
[Site "http://www.queenalice.com/game.php?id=772365"]
[Date "2010.5.7"]
[Round "2"]
[White "toin"]
[Black "odinn"]
[Result "0-1"]
[WhiteElo "1714"]
[BlackElo "1515"]

1. d4 d5 2. Bf4 Nc6 3. Nc3 Bf5 4. a3 Nf6 5. e3 e6 6. Be2 Bd6 7. Bxd6 Qxd6 8. h4
O-O 9. Nb5 Qe7 10. g4 Be4 11. f3 a6 12. Nc3 Bg6 13. h5 Bxh5 14. gxh5 Rfe8 15.
Qd3 e5 16. O-O-O Rab8 17. dxe5 Nxe5 18. Qd4 Nc6 19. Qd2 h6 20. f4 Na5 21. Nxd5
Nxd5 22. Qxa5 c6 23. Rd3 Nxe3 24. Rd2 Ng2 25. Qe5 Qxe5 26. fxe5 Rxe5 27. Nf3 Re3
28. Bc4 Rxf3 29. Rxg2 b5 30. Bd3 Re8 31. Rhg1 Re5 32. Rxg7+ Kf8 33. Rg8+ Ke7 34.
Ra8 f6 35. Rxa6 Rxh5 36. Rxc6 Kd7 37. Ra6 Rd5 38. Rg7+ Ke8 39. Ra8+ Rd8 40. Bg6+
Kf8 41. Rf7+ Ke8 0-1

[Event "AUTO-BEG-378"]
[Site "http://www.queenalice.com/game.php?id=772366"]
[Date "2010.5.7"]
[Round "2"]
[White "odinn"]
[Black "toin"]
[Result "0-1"]
[WhiteElo "1513"]
[BlackElo "1802"]

1. e4 d5 2. f3 d4 3. Nh3 Bxh3 4. gxh3 e5 5. Bc4 Qh4+ 6. Kf1 Qxh3+ 7. Kf2 Bc5 8.
d3 Qh4+ 9. Kf1 a5 10. Na3 c6 11. c3 dxc3 12. bxc3 Qf2# 0-1

[Event "AUTO-BEG-378"]
[Site "http://www.queenalice.com/game.php?id=772367"]
[Date "2010.5.7"]
[Round "2"]
[White "DethKlok"]
[Black "odinn"]
[Result "1-0"]
[WhiteElo "1600"]
[BlackElo "1599"]

1. e4 e5 2. d4 f6 3. dxe5 fxe5 4. Nf3 Nc6 5. Bc4 Nf6 6. Bg5 h6 7. Bh4 Bc5 8. O-O
d6 9. Nc3 Bg4 10. Nd5 a6 11. Nxf6+ gxf6 12. Qd3 Nb4 13. Qb3 Bxf3 14. Qxf3 Rf8
15. Qh5+ Rf7 16. Qxf7# 1-0

[Event "AUTO-BEG-378"]
[Site "http://www.queenalice.com/game.php?id=772368"]
[Date "2010.5.7"]
[Round "2"]
[White "odinn"]
[Black "DethKlok"]
[Result "0-1"]
[WhiteElo "1562"]
[BlackElo "1683"]

1. e4 c6 2. d4 d5 3. f3 dxe4 4. fxe4 Nf6 5. Nc3 Bg4 6. Be2 Bxe2 7. Ngxe2 e6 8.
Ng3 Be7 9. Bf4 O-O 10. Bxb8 Rxb8 11. Qf3 Qxd4 12. Nce2 Qxb2 13. Qc3 Qxc3+ 14.
Nxc3 Bb4 15. Kd2 Rbd8+ 16. Ke3 Bxc3 17. Rab1 Rd4 0-1

[Event "odinn"]
[Site "http://www.queenalice.com/game.php?id=778237"]
[Date "2010.5.20"]
[Round "1"]
[White "FC"]
[Black "odinn"]
[Result "1-0"]
[WhiteElo "1443"]
[BlackElo "1593"]

1. e4 e5 2. Nf3 Nc6 3. Be2 Nf6 4. d3 Bc5 5. Bg5 h6 6. Bxf6 Qxf6 7. Nc3 d6 8. O-O
Be6 9. a3 O-O-O 10. b4 Bb6 11. Nb5 Kb8 12. c3 Bg4 13. h3 Bxf3 14. Bxf3 a6 15.
Nxc7 Bxc7 16. Rb1 Ne7 17. b5 a5 18. b6 Bxb6 19. Rxb6 Ka7 20. Qb1 Nc8 21. Rxb7+
Ka6 22. Qb5# 1-0

[Event "AUTO-BEG-379"]
[Site "http://www.queenalice.com/game.php?id=842686"]
[Date "2010.10.6"]
[Round "3"]
[White "odinn"]
[Black "grandedani"]
[Result "0-1"]
[WhiteElo "1537"]
[BlackElo "1621"]

1. e4 e5 2. Nf3 Nc6 3. Nc3 Nf6 4. Bc4 Bc5 5. d3 O-O 6. Be3 Bxe3 7. fxe3 d6 8.
O-O Bg4 9. h3 Bxf3 10. Qxf3 a6 11. a3 b5 12. Bd5 Nxd5 13. Nxd5 Ne7 14. b3 Nxd5
15. exd5 f6 16. c4 Rb8 17. e4 g6 18. Qe3 Qd7 19. a4 bxa4 20. bxa4 f5 21. a5 f4
22. Qa7 Ra8 23. Qb7 Rfb8 24. Qc6 Qxc6 25. dxc6 Rb3 26. Rab1 Rab8 27. Kh1 Rxb1
28. Rxb1 Rxb1+ 29. Kh2 g5 30. g3 Rb2+ 31. Kg1 fxg3 32. Kf1 Kg7 33. Ke1 Rh2 34.
Kf1 Rxh3 35. Kg2 g4 36. Kg1 Rh2 37. Kf1 g2+ 38. Kg1 g3 39. d4 h5 40. d5 h4 41.
c5 h3 42. cxd6 Rh1# 0-1